El artículo 40 de la ley de ganancias: un problema candente ignorado por la última reforma fiscal (Registro nro. 20256)
[ vista simple ]
| 000 -LEADER | |
|---|---|
| fixed length control field | 00383 a2200109 4500 |
| 001 - CONTROL NUMBER | |
| control field | ART_49576 |
| 005 - DATE AND TIME OF LATEST TRANSACTION | |
| control field | 20260410161757.0 |
| 008 - FIXED-LENGTH DATA ELEMENTS--GENERAL INFORMATION | |
| fixed length control field | 260409a |
| 100 1# - MAIN ENTRY--PERSONAL NAME | |
| Personal name | García, Roberto Martín |
| 245 10 - TITLE STATEMENT | |
| Title | El artículo 40 de la ley de ganancias: un problema candente ignorado por la última reforma fiscal |
| 773 0# - HOST ITEM ENTRY | |
| Title | Doctrina tributaria |
| Related parts | - N°474 (sep. 2019) |
| Record control number | REV4296 |
No hay ítems disponibles.